Книга земли (Record no. 382135)

MARC details
000 -Лідер
fixed length control field 00615nam a22002297a 4500
003 - Ідентифікатор контрольного номера
control field UA-OsUOA
001 - Контрольний номер
control field 95888
007 - Фіксоване поле фізичного опису
fixed length control field ta
008 - Елементи даних фіксованої довжини – загальна інформація
fixed length control field 20130312b un ||||| |||| 00| 0 ukr d
090 ## - Локальний шифр розміщення
Класифікаційний індекс УДК 821.359
Авторський знак (НП) К90
040 ## - Джерело каталогізації
Агенція оригінальної каталогізації UA-OsUOA
Мова каталогізації rus
Агенція, яка здійснювала перезапис UA-OsUOA
Агенція, яка здійснювала модифікацію UA-OsUOA
041 ## - Код мови
Код мови тексту/ звукової доріжки чи окремого заголовка (П) rus
080 ## - Індекс Універсальної десяткової класифікації
Індекс Універсальної десяткової класифікації (УДК) (НП) 821.359
100 ## - Основне введення – ім’я особи
Ім’я особи (НП) Кулиев К.
245 ## - Відомості про назву
Назва (НП) Книга земли
Решта назви (НП) стихи и поэмы
260 ## - Публікація, розповсюдження і т.п. (Вихідні дані)
Місце публікації, розповсюдження і т.п. (П) М.
Ім’я/ наймення видавництва, розповсюджувача і т.п. (П) Советский писатель
Дата публікації, розповсюдження і т.п. (П) 1977
300 ## - Фізичний опис
Обсяг 392 с.
650 #7 - Додаткове предметне введення – тематичний термін
Тематичний термін чи географічна назва, як елемент введення (НП) 82 Література. Літературознавство
Джерело заголовка чи терміна UDC
942 ## - Додаткові елементи входу (Коха)
Тип елемента Koha Books
955 ## - Код типу видання за змістом
Код типу видання за змістом (НП) Літературно-художні видання
Holdings
Стан вилучень Стан втрат Джерело класифікації або схеми стелажів Стан уражень Не для кредиту Постійне місце розташування Поточне розміщення Дата придбання Інвентарний номер Усього замовленно Повний номер виклику Штрих-код Дата останнього перегляду Ціна ефективна від Тип елемента Koha
    Universal Decimal Classification     АБ - Абонемент НБ АБ - Абонемент НБ 12/03/2013 52170   821.359 К90 52170 20/04/2022 12/03/2013 Books